| 000 | 00848nam a22001815i 4500 | ||
|---|---|---|---|
| 001 | 161888 | ||
| 003 | ES-MaACL | ||
| 005 | 20230906212358.0 | ||
| 008 | 041027s1887 sp |||| | spa d | ||
| 040 |
_aCAM _bspa _cCAM |
||
| 100 | 1 |
_aPérez Liquiñano, Ramiro. _9131468 |
|
| 245 | 1 | 0 |
_aMemoria leída en el solemne acto de la inaugración de la nueva casa de la Sociedad (Calle del Horno de la Mata, núm. 7) el día 18 de febrero de 1887 / _cpor el secretario primero don Ramiro Pérez Liquiñano. |
| 260 |
_aMadrid : _b[s.n.], _c1887 ( _fImprenta de los hijos de J. A. García) |
||
| 300 |
_a36 p. ; _c23 cm. |
||
| 594 | _aPrecede al tit.: El Fomento de las Artes. | ||
| 610 | 2 |
_aSociedad Matritense El Fomento de las Artes. _9139234 |
|
| 852 |
_aES-MaACL _jT-454-F-23 _z-- Enc. hol. _q-- Falto de la cub. original _z-- Enc. en un vol. facticio |
||
| 999 |
_c161888 _d161888 |
||